000
00205 a2200097 4500
001
35028
100
_a
N I A
245
_a
Mushahidaat Wa Tasuraat
260
_a
Lahore
_b
jang Pub
_c
090
_c
23176
_d
23176
942
_a
NUST-CAE
_c
M
_c
14643
999
_c
270101
_d
270101